|
|
|
|
| LEADER |
00638cam a2200169 i 4500 |
| 999 |
|
|
|c 212692
|d 212692
|
| 020 |
|
|
|a 9789352779840
|
| 020 |
|
|
|a 9352779843
|
| 082 |
0 |
4 |
|a 070.92
|
| 100 |
1 |
|
|a Thapar, Karan,
|
| 245 |
1 |
0 |
|a Devil's advocate :
|b the untold story /
|c Karan Thapar.
|
| 300 |
|
|
|a 216 pages, 16 unnumbered pages of plates :
|b illustrations (black and white, and colour) ;
|
| 500 |
|
|
|a Includes index.
|
| 650 |
|
0 |
|a Journalists
|z India
|v Biography.
|
| 650 |
|
0 |
|a Television journalists
|z India
|v Biography.
|
| 942 |
|
|
|c BK
|
| 952 |
|
|
|0 0
|1 0
|4 0
|6 070_920000000000000_THA_D
|7 0
|9 226275
|a DCI
|b DCI
|d 2019-11-16
|l 0
|o 070.92 THA.D
|p DCI6243
|r 2019-11-16
|w 2019-11-16
|y BK
|